|
|
|
|
| LEADER |
00000cam a2200000 c 4500 |
| 001 |
243123027 |
| 003 |
DE-627 |
| 005 |
20260206203907.0 |
| 007 |
tu |
| 008 |
980424s1931 gw ||||| m 00| ||ger c |
| 024 |
8 |
|
|a U 31.5255
|q Hochschulschriftennummer
|
| 035 |
|
|
|a (DE-627)243123027
|
| 035 |
|
|
|a (DE-603)202879399
|
| 035 |
|
|
|a (DE-576)9243123025
|
| 035 |
|
|
|a (DE-599)GBV243123027
|
| 035 |
|
|
|a (OCoLC)72120884
|
| 035 |
|
|
|a (OCoLC)252260033
|
| 035 |
|
|
|a (OCoLC)72120884
|
| 040 |
|
|
|a DE-627
|b ger
|c DE-627
|e rda
|
| 041 |
|
|
|a ger
|
| 044 |
|
|
|c XA-DE
|
| 084 |
|
|
|a 2,1
|2 ssgn
|
| 084 |
|
|
|a PC 2800
|2 rvk
|0 (DE-625)rvk/135066:
|
| 084 |
|
|
|a PR 2072
|2 rvk
|0 (DE-625)rvk/139494:
|
| 084 |
|
|
|a PI 2770
|2 rvk
|0 (DE-625)rvk/136580:
|
| 084 |
|
|
|a 86.00
|2 bkl
|
| 100 |
1 |
|
|a Kästner, Alexander
|e VerfasserIn
|0 (DE-588)130151254
|0 (DE-627)707411653
|0 (DE-576)298028263
|4 aut
|
| 109 |
|
|
|a Kästner, Alexander
|
| 245 |
1 |
4 |
|a Das Problem einer Geo- und Ethnojurisprudenz
|b zur Kritik der Lehre von Manfred Langhans-Ratzeburg
|c von Dr. iur. Alexander Kästner, Leipzig
|
| 246 |
3 |
0 |
|a Geojurisprudenz
|
| 264 |
|
1 |
|a Borna-Leipzig
|b Robert Noske
|c 1931
|
| 300 |
|
|
|a VII, 79 Seiten
|
| 336 |
|
|
|a Text
|b txt
|2 rdacontent
|
| 337 |
|
|
|a ohne Hilfsmittel zu benutzen
|b n
|2 rdamedia
|
| 338 |
|
|
|a Band
|b nc
|2 rdacarrier
|
| 500 |
|
|
|a Literaturverzeichnis: Seite 75-79
|
| 502 |
|
|
|b Dissertation
|c Universität Leipzig
|d 1930
|
| 583 |
1 |
|
|a Archivierung prüfen
|c 20240324
|f DE-4165
|z 1
|2 pdager
|
| 650 |
|
4 |
|a Rechtstheorie
|7 (dpeaa)DE-2619
|
| 650 |
|
4 |
|a Geographie
|7 (dpeaa)DE-2619
|
| 650 |
|
4 |
|a Langhans-Ratzeburg, Manfred
|7 (dpeaa)DE-2619
|
| 655 |
|
7 |
|a Hochschulschrift
|0 (DE-588)4113937-9
|0 (DE-627)105825778
|0 (DE-576)209480580
|2 gnd-content
|
| 689 |
0 |
0 |
|d p
|0 (DE-588)1055163514
|0 (DE-627)793261392
|0 (DE-576)411826271
|a Langhans, Manfred
|d 1901-1992
|2 gnd
|
| 689 |
0 |
1 |
|d s
|0 (DE-588)4177234-9
|0 (DE-627)105350117
|0 (DE-576)209976152
|a Rechtslehre
|2 gnd
|
| 689 |
0 |
|
|5 (DE-627)
|
| 689 |
1 |
0 |
|d s
|0 (DE-588)4076570-2
|0 (DE-627)106082612
|0 (DE-576)209202238
|a Rechtswissenschaft
|2 gnd
|
| 689 |
1 |
1 |
|d s
|0 (DE-588)4020216-1
|0 (DE-627)104394285
|0 (DE-576)208932429
|a Geografie
|2 gnd
|
| 689 |
1 |
2 |
|d s
|0 (DE-588)4029823-1
|0 (DE-627)106272748
|0 (DE-576)208984313
|a Kartografie
|2 gnd
|
| 689 |
1 |
3 |
|d s
|0 (DE-588)4156741-9
|0 (DE-627)104609001
|0 (DE-576)209829168
|a Geopolitik
|2 gnd
|
| 689 |
1 |
|
|5 (DE-627)
|
| 689 |
2 |
0 |
|d s
|0 (DE-588)4048737-4
|0 (DE-627)106189719
|0 (DE-576)20907907X
|a Recht
|2 gnd
|
| 689 |
2 |
|
|5 (DE-627)
|
| 700 |
1 |
|
|a Langhans, Manfred
|d 1901-1992
|e Sonstige Person, Familie und Körperschaft
|0 (DE-588)1055163514
|0 (DE-627)793261392
|0 (DE-576)411826271
|4 oth
|
| 710 |
2 |
|
|a Universität Leipzig
|e Grad-verleihende Institution
|0 (DE-588)2024343-1
|0 (DE-627)102161194
|0 (DE-576)191769452
|4 dgg
|
| 751 |
|
|
|a Leipzig
|0 (DE-588)4035206-7
|0 (DE-627)104798998
|0 (DE-576)209011246
|4 uvp
|
| 889 |
|
|
|w (DE-627)428288375
|
| 935 |
|
|
|a mkri
|
| 935 |
|
|
|h HEB
|i 0501
|
| 935 |
|
|
|h HEB
|i 0503
|
| 936 |
r |
v |
|a PC 2800
|b Komplexe Untersuchungen, Querschnittsfragen
|k Rechtswissenschaft
|k Allgemeines zum juristischen Studium und zur Rechtswissenschaft
|k Gesamtdarstellungen, Querschnittsfragen
|k Komplexe Untersuchungen, Querschnittsfragen
|0 (DE-627)1271142155
|0 (DE-625)rvk/135066:
|0 (DE-576)201142155
|
| 936 |
r |
v |
|a PR 2072
|b Geopolitik (assoz. Begr.: Politische Geografie)
|k Rechtswissenschaft
|k Völkerrecht
|k Internationale Politik (BF zwischenstaatliche Beziehungen) / Geschichte; Internationale Politik / Theorie
|k Geopolitik (assoz. Begr.: Politische Geografie)
|0 (DE-627)1271351412
|0 (DE-625)rvk/139494:
|0 (DE-576)201351412
|
| 936 |
r |
v |
|a PI 2770
|b Sekundärliteratur
|k Rechtswissenschaft
|k Allgemeine Rechtslehre und Rechtstheorie, Rechts- und Staatsphilosophie, Rechtssoziologie
|k Geschichte der Staats- und Rechtsphilosophie
|k Staats- und Rechtsphilosophie im 20. Jahrhundert und 21. Jahrhundert
|k Sekundärliteratur
|0 (DE-627)1270920413
|0 (DE-625)rvk/136580:
|0 (DE-576)200920413
|
| 936 |
b |
k |
|a 86.00
|j Recht: Allgemeines
|q ARK
|0 (DE-627)106416456
|
| 936 |
s |
n |
|a p100
|2 mzub
|
| 951 |
|
|
|a BO
|
| ELC |
|
|
|b 1
|
| LOK |
|
|
|0 000 xxxxxcx a22 zn 4500
|
| LOK |
|
|
|0 001 4196216692
|
| LOK |
|
|
|0 003 DE-627
|
| LOK |
|
|
|0 004 243123027
|
| LOK |
|
|
|0 005 20221011145647
|
| LOK |
|
|
|0 008 221011||||||||||||||||ger|||||||
|
| LOK |
|
|
|0 035
|a (DE-2619)k02788
|
| LOK |
|
|
|0 040
|a DE-2619
|c DE-627
|d DE-2619
|
| LOK |
|
|
|0 092
|o n
|
| LOK |
|
|
|0 541
|e Bestand Albert-Krebs-Bibliothek: 1997-1710
|
| LOK |
|
|
|0 852
|a DE-2619
|
| LOK |
|
|
|0 852 1
|c WD.00.001
|m p
|9 00
|
| LOK |
|
|
|0 935
|a kreb
|
| LOK |
|
|
|0 938
|k p
|
| LOK |
|
|
|0 939
|a 11-10-22
|b l01
|
| ORI |
|
|
|a SA-MARC-krimdoka001.raw
|